=LDR 00000nam 2200000 4500 =001 INLIS000000000010196 =005 20130612101914 =008 ***********************************Ind** =035 ##$$0010-061300000010196 =041 ##$$a Ind =082 ##$$a 418 =090 ##$$a 418, Gun p =100 ##$$a Gunawan, Asin =245 ##$$a Pedoman penelitian bahasa, Asin Gunawan =260 ##$$a 2002 $b Jakarta =300 ##$$a viii, 71 hlm, 21 cm =650 ##$$a Bahasa Pemakaian =850 ##$$a NBPNMAT